000 00413nam a2200169Ia 4500
008 240729s9999 xx 000 0 und d
022 _a2747-8106
245 0 _aZitteliana
260 _aBulgaria
260 _bPensoft Publishers
650 _a Geology
650 _a Paleontology
650 _aScience
856 _uhttps://doaj.org/toc/60d00277cc354eb09c203108786b9e0c
942 _2ddc
942 _cDOAJEJ
999 _c69493
_d69493
945 _a1
_bMadushi Gamage
_c1
_dMadushi Gamage